If Only - The Marias - Statistics

General Stats
  • This quiz has been taken 4 times
  • The average score is 31 of 45
Answer Stats
Hint Answer % Correct
I
100%
I
100%
Verse 2 I
100%
I
100%
I
100%
me
100%
me
100%
me
100%
dream
75%
Verse 1 Even
75%
Even
75%
even
75%
eventually
75%
give
75%
leave?
75%
on
75%
try
75%
up
75%
when
75%
when
75%
You
75%
You
75%
You
75%
You'll
75%
are
50%
asleep
50%
can't
50%
can't
50%
Verse 3 Don't
50%
dreams
50%
fall
50%
goodbye
50%
If
50%
I'll
50%
in
50%
my
50%
next
50%
only
50%
only
50%
say
50%
see
50%
tell
50%
Then
50%
to
50%
Why'd
50%
No matching quizzes found
Score Distribution
Percent of People with Each Score
Percentile by Number Answered
Your Score History
You have not taken this quiz